al-Kanz al-maknūn fī al-shiʻr al-malḥūn /
Arabic poetry.
Main Author:
Format: Book
Language: Arabic
Published:
al-Jazāʼir :
al-Maṭbaʻah al-Thaʻālibīyah,
1928.
Subjects:
Tags: Add Tag
Call Number: DT229 .B7 G52 1928
| LEADER | 01268nam a2200265Ia 4500 | ||
|---|---|---|---|
| 003 | OSt | ||
| 005 | 20230716102311.0 | ||
| 008 | 130303s1928 ae 000 0 ara d | ||
| 952 | |0 0 |1 0 |2 lcc |4 0 |6 DT0229 B7 G52 01928 |7 1 |9 49244 |a ARCE |b ARCE |d 2023-07-16 |l 0 |o DT229 .B7 G52 1928 |p 1027757 |r 2023-07-16 00:00:00 |w 2023-07-16 |y BK | ||
| 999 | |c 27766 |d 27766 | ||
| 010 | |a 2007452525 | ||
| 040 | |c ARCE Library | ||
| 043 | |a f-ae--- | ||
| 050 | 4 | |a DT229 .B7 G52 1928 | |
| 100 | 1 | |6 880-01 |a Qāḍī Muḥammad, |d 1951- |e author | |
| 245 | 1 | 3 | |6 880-02 |a al-Kanz al-maknūn fī al-shiʻr al-malḥūn / |c li-muʼallafahi Qāḍī Muḥammad al-muḥāmī al-sharʻī bi- Tayārat. |
| 264 | 1 | |a al-Jazāʼir : |b al-Maṭbaʻah al-Thaʻālibīyah, |c 1928. | |
| 300 | |a 224 pages ; |c 23 cm. | ||
| 520 | |a Arabic poetry. | ||
| 650 | 0 | |a Arabic poetry |z Algeria |x History and criticism. | |
| 650 | 0 | |a Malhūn |z Algeria |x History and criticism. |9 14327 | |
| 880 | 1 | |6 100-01/(3/r |a قاضي محمد، |d 1951- | |
| 880 | 1 | 2 | |6 245-02/(3/r |a الكنز المكنون في الشعر الملحون |c لمؤلفه قاضي محمد المحامي الشرعي بتيارة |
| 901 | |a reviewed | ||
| 942 | |c BK |2 lcc | ||
